000 00612nam a22001697a 4500
005 20120510111521.0
020 _a8120312260
_c150.00
035 _aA-933615
037 _aDPL
_bENG
100 _aFredman, Albert J.
_946791
245 _aHow matual founds works /
_cby Albert J. Fredman and Russ Wiles
260 _aNew Delhi
_bPrentice-Hall of India
_c1997
300 _axviii, 334p.
_c20 cms.
700 _aWiles, Russ
_946792
942 _2ddc
_cEN
_h332.6227
_mFRE
999 _c66405
_d66405